El pueblo gris : (Record no. 91738)
[ view plain ]
| 000 -LEADER | |
|---|---|
| campo de control de longitud fija | 01018nam a2200253 i 4500 |
| 001 - NÚMERO DE CONTROL | |
| campo de control | 91738 |
| 003 - IDENTIFICADOR DE NÚMERO DE CONTROL | |
| campo de control | ES-MaACL |
| 005 - FECHA Y HORA DE LA ÚLTIMA TRANSACCIÓN | |
| campo de control | 20250627063639.0 |
| 007 - CAMPO FIJO DE DESCRIPCIÓN FÍSICA--INFORMACIÓN GENERAL | |
| campo de control de longitud fija | t| |
| 008 - DATOS DE LONGITUD FIJA--INFORMACIÓN GENERAL | |
| campo de control de longitud fija | 050210m19171918sp ||||1| spa d |
| 080 ## - NÚMERO DE LA CLASIFICACIÓN DECIMAL UNIVERSAL | |
| Número de la Clasificación Decimal Universal | 821.134.1-32"19" |
| 100 1# - ENTRADA PRINCIPAL--NOMBRE DE PERSONA | |
| Nombre de persona | Rusiñol, Santiago, |
| Fechas asociadas al nombre | 1861-1931 |
| 9 (RLIN) | 241043 |
| 245 13 - MENCIÓN DEL TÍTULO | |
| Título | El pueblo gris : |
| Resto del título | adaptación hecha expresivamente para La novela corta / |
| Mención de responsabilidad, etc. | por su autor Santiago Rusiñol ; traducción de G. Martínez Sierra. |
| 260 ## - PUBLICACIÓN, DISTRIBUCIÓN, ETC. | |
| Lugar de publicación, distribución, etc. | Madrid : |
| Nombre del editor, distribuidor, etc. | La Novela Corta, |
| Fecha de publicación, distribución, etc. | 1917-1918. |
| 300 ## - DESCRIPCIÓN FÍSICA | |
| Extensión | 2 v. ; |
| Dimensiones | 20 cm. |
| 490 1# - MENCIÓN DE SERIE | |
| Mención de serie | La novela corta ; |
| Designación de volumen o secuencia | 53, 152 |
| 530 ## - NOTA DISPONIBLE DE FORMULARIO FÍSICO ADICIONAL | |
| Nota de formato físico adicional disponible | Vol. 2 disponible en formato digital. |
| 700 1# - ENTRADA AGREGADA--NOMBRE PERSONAL | |
| Nombre de persona | Martínez Sierra, Gregorio, |
| Fechas asociadas al nombre | 1881-1947 |
| 9 (RLIN) | 78429 |
| 830 1# - PUNTO DE ACCESO ADICIONAL DE SERIE-TÍTULO UNIFORME | |
| Título uniforme | La novela corta ; |
| Designación de volumen o secuencia | 53, 152 |
| 9 (RLIN) | 182142 |
| 852 4# - LOCALIZACIÓN | |
| Ubicación | ES-MaACL |
| Número de control de estantería | 2185-F-6-7 |
| Ubicación en estantería | Depósito folletos |
| Nota libre | Revisado enlace: 23 de Abril de 2025 |
| 856 4# - LOCALIZACIÓN Y ACCESO ELECTRÓNICOS | |
| Identificador Uniforme de Recursos | <a href="http://bibliotecavirtual.larioja.org/bvrioja/es/consulta/registro.do?id=1982">http://bibliotecavirtual.larioja.org/bvrioja/es/consulta/registro.do?id=1982</a> |
| Materiales especificados | (v. 2) |
| Texto de enlace | Biblioteca Virtual de La Rioja |
| 942 ## - ELEMENTOS DE ENTRADA SECUNDARIOS (KOHA) | |
| Fuente del sistema de clasificación o colocación | Clasificación decimal universal |
| Estatus retirado | Estado de pérdida | Fuente del sistema de clasificación o colocación | Estado de daño | No para préstamo | Colección | Biblioteca de origen | Biblioteca actual | Ubicación en estantería | Fecha de adquisición | Total de préstamos | Signatura topográfica completa | Código de barras | Visto por última vez | Precio de reemplazo | Tipo de ítem Koha |
|---|---|---|---|---|---|---|---|---|---|---|---|---|---|---|---|
| Clasificación decimal universal | Biblioteca Digital del Ateneo de Madrid | Biblioteca del Ateneo de Madrid | Biblioteca del Ateneo de Madrid | Depósito folletos | 17/01/2008 | 2185-F-6-7 | 1095783 | 23/02/2023 | 23/02/2023 | Folleto |
